Nákupné správanie spotrebiteľov v špecializovaných obchodoch vo vybranom regióne bakalárska práca

Gespeichert in:
Bibliographische Detailangaben
1. Verfasser: Brhlíková, Jana
Körperschaft: Podnikovohospodárska fakulta EU so sídlom v Košiciach. Katedra marketingu a obchodu
Weitere Verfasser: Gajdoš, Jozef, 1962-2025
Format: Buch
Sprache:Slowakisch
Veröffentlicht: Košice 2011
Tags: Tag hinzufügen
Keine Tags, Fügen Sie das erste Tag hinzu!

MARC

LEADER 00000nbm a2200000 4500
001 0152709
005 20120626132712.7
041 0 |a slo 
044 |a SK 
245 1 0 |a Nákupné správanie spotrebiteľov v špecializovaných obchodoch vo vybranom regióne  |b bakalárska práca  |c Jana Brhlíková ; školiteľ: Jozef Gajdoš 
264 1 |a Košice  |c 2011 
300 |a 73 s. 
100 1 |a Brhlíková, Jana 
700 1 |a Gajdoš, Jozef, 1962-2025 
710 2 |a Podnikovohospodárska fakulta EU so sídlom v Košiciach. Katedra marketingu a obchodu